MDQL
is popping MORE tags! Check the
thread
!
Quizzes
Events
Quiz Creation
Community
Videos
Private Events
Remove Ads
Sign In
Join for FREE
Feedback
Dark Mode
Quiz Categories
Sports
Geography
Music
Movies
Television
Just For Fun
Miscellaneous
History
Literature
Language
Science
Gaming
Entertainment
Religion
Holiday
For Kids
Quiz Lab
Recent
Popular Today
Quiz Kudos Today
Editor Picks
Curator Picks
Quizzes by...
Day
Popularity
Type
Ratings
Length
Year
Community
Subscriptions
Recent Discussions
Orange Saloon
Badges
Playlists
Quests
Create
Leaderboards
Showdown
Live 5
Trivia Bingo
Activity
Puzzle Library
Sporcle Events
Private Events
Virtual Trivia
Globe League
Become a Host
Pub Owners
SporcleCon
Opinionation
Our Games
Videos
Blog
Mobile Apps
Partnerships
Remove Ads and Go Orange
Feedback
Music
Pop Music
The Beatles
Song
Album
Lyrics
Bands
Singers
Artist
Clip
Rock
Rap
Classical
Billboard
Country Music
Kpop
Taylor Swift
Music
Pop Music
The Beatles
Song
Album
Lyrics
Bands
Singers
Artist
Clip
Rock
Rap
Classical
Billboard
Country Music
Kpop
Taylor Swift
Random Quiz
Search Sporcle
×
Quiz Lab
Quiz Lab
Music
Song
Type in answers that appear in a list
Type in answers that appear in a list
Classic
Best Score? Go Orange.
Guess the Song Lyrics - HARD version Stats
Can you name the first two verses to this song?
By
dxman
15m
175 Questions
403 Plays
403 Plays
403 Plays
Comments
Comments
Give Quiz Kudos
Give Quiz Kudos
-
- Ratings
hide this ad
More Info
Replay
Link that replays current quiz
Next Quiz
Link to next quiz in quiz playlist
You Got
0%
They Got
Avg Score
33%
Avg Friend Score
Upgrade to see
Score Distribution
Jump to the score distribution portion of the page
Score
0/175
Timer
15:00
0
Plays Today
% Correct
The
97%
the
97%
the
97%
and
97%
and
97%
the
97%
and
97%
a
97%
a
97%
and
97%
the
97%
the
97%
the
97%
and
97%
and
97%
and
97%
the
97%
and
97%
a
97%
a
97%
and
97%
the
97%
you
86%
You
86%
you
86%
You
86%
I
77.1%
I
77.1%
We
70.3%
we
70.3%
it
70.1%
it
70.1%
it
70.1%
to
69.6%
to
69.6%
in
69.3%
in
69.3%
in
69.3%
so
58.4%
so
58.4%
so
58.4%
of
57.1%
Where
54.6%
have
49.6%
have
49.6%
You're
44.9%
know
40.9%
know
40.9%
but
37.9%
but
37.9%
but
37.9%
but
37.9%
but
37.9%
us
37.2%
got
35.9%
got
35.9%
hear
35.4%
our
34.2%
them
32.4%
% Correct
them
32.4%
them
32.4%
been
32.2%
out.
31.7%
out
31.7%
out.
31.7%
seen
31.2%
seen
31.2%
Say,
30.2%
Ooh
28.2%
Ooh,
28.2%
Oh,
27.2%
Oh,
27.2%
oh-ho.
27.2%
Oh,
27.2%
Oh,
27.2%
Oh
27.2%
oh-ho.
27.2%
take
26.2%
they're
25.2%
they're
25.2%
they're
25.2%
they're
25.2%
they're
25.2%
they're
25.2%
they're
25.2%
We'll
21.4%
let
21.2%
she's
20.9%
She's
20.9%
she's
20.9%
She's
20.9%
gonna
20%
Hey,
18.2%
Hey,
18.2%
right
17.5%
something
17.2%
around.
17.2%
into
16.2%
that's
15.5%
wrong.
14.7%
yet?
14.2%
find
14.2%
yet?
14.2%
together.
12.2%
electric
12.2%
electric
12.2%
electric
12.2%
really
12%
really
12%
Jets.
11.2%
read
11.2%
Jets
11.2%
Jets.
11.2%
read
11.2%
Jets.
11.2%
magazine,
11%
magazine,
11%
B-B-B-B-B-Bennie
10.7%
% Correct
Bennie,
10.7%
B-B-B-Bennie
10.7%
Bennie
10.7%
B-B-B-B-B-Bennie
10.7%
Bennie,
10.7%
B-B-B-Bennie
10.7%
kids,
10.2%
kids,
10.2%
who's
10.2%
who's
10.2%
music,
9.5%
makes
9.5%
known
9.2%
sound.
9%
mohair
8.7%
suit.
8.7%
Maybe
8.7%
suit.
8.7%
boots,
8.5%
boots,
8.5%
tonight
8%
stick
7.7%
fight
7.7%
mohair
7.7%
kill
7.5%
wonderful.
7.5%
wonderful.
7.5%
change
6.7%
weather.
6.2%
spaced
6.2%
spaced
6.2%
shall
6%
walls
5.7%
shake
5.5%
weird
5.5%
along.
5.5%
weird
5.5%
solid
5%
loose
4.7%
keen.
4.5%
streets
4.5%
keen.
4.5%
Candy
4%
Candy
4%
ourselves
3.7%
hitting
3.2%
Ronnie,
3.2%
Ronnie,
3.2%
spotlight's
3%
fatted
3%
calf
3%
plug
2.2%
faithless.
2.2%
blinded,
2%
ageless.
2%
parents
2%
survive,
1.5%
Quiz Playlist
Details
Report
Send in Message
Add To Playlist
More Info:
This is a hard one. Many people even get the lyrics wrong to this song.
Classic:
Type in answers that appear in a list
Last Updated: Feb 16, 2017
Quiz Scoreboard
CHALLENGE
Sign Up to Join the Scoreboard
Show All
Scores
Hide
Comments
May contain spoilers
Recently Published
Two Season TV Shows II
by 123Four
Television
10m
Image Sorting: Flags VI
by Barbecue
Geography
2m
Find the 'City' Movie
by crazypaving
Movies
60s
More to Explore
Quiz From the Vault
Featured Blog Post
14 Easter Pick-up Lines to Find Eggs With
hide this ad
You Might Also Like...
Tags
Lyrics Quiz
Song Quiz
Verse Quiz
hard
Version
Today's Top Quizzes in Music
Browse Music
hide this ad
Today's Top Quizzes in Song
Browse Song
Top Contributed Quizzes in Music
1
5X2 Blitz: Bands II
2
5X2 Blitz: The Beatles
3
Taylor Swift All Songs (2024)
4
5X2 Blitz: Billboard
5
5X2 Blitz: Billboard II
6
5X2 Blitz: Album
7
5X2 Blitz: Rock
8
5X2 Blitz: Singers
9
Music Artist by Three 2010s hits
10
5X2 Blitz: Lyrics
Explore More
Trending Topics
Disney
Harry Potter
NBA
Kpop
Marvel
Crossword
Anime
Puzzle
The Office
Country
NFL
WWE
Soccer
Song
Pokémon
hide this ad
More By:
dxman
Quiz
Plays
Rating
Category
Featured
Created
Guess the Song Lyrics - EASY version
3,084
4.04
Music
Jun 8, 2010
3+ Billboard #1 Albums
2,844
4.28
Music
Apr 2, 2010
One-Hit Wonders (but...)
2,796
4.00
Music
May 8, 2010
Bad Beatles Songs
1,335
3.08
Music
Apr 14, 2010
120 Second Blitz: Beatles Lyrics
1,314
3.47
Just For Fun
May 25, 2010
Go to Creator's Profile
Score Distribution
Quiz Creator Spotlight
dxman
Follow
Send a Message
Quizzes Created
-
Created Quiz Play Count
-
More By This Creator
Popular Quizzes Today
1
Find the US States - No Outlines Minefield
2
Colored Red Africa Blitz
3
Find the 'City' Movie
4
5x2 Blitz: Bands
5
The Countries of the World
6
Find the Countries of Europe - No Outlines Minefield
7
Find the US States
8
US States
More Music Quizzes
Miley Cyrus Music Videos (Picture Click)
Quiz Lab
Trending Quizzes
Colored Red Europe Blitz I
Colored Red Africa Blitz II
Colored Red Europe Blitz II
Colored Red Africa Blitz III
Colored Red Europe Blitz III
Recently Updated
How Do You Spell That?
pecheneg
Godzilla Movies
pecheneg
Grab Bag: 4-10 Letters
pecheneg
2024 March Madness Bracket
pecheneg
Famous TV Couples
Peacemaker
Champions League XIs: Real Madrid
pecheneg
Largest US Cities 1790-2010
pecheneg
Rides in Walt Disney World
pecheneg
Most Oscar Losses (Acting)
pecheneg
Beyoncé Albums
pecheneg
Trending Topics
Disney
Crossword
Anime
NBA
Kpop
Harry Potter
Marvel
Soccer
Pokémon
NFL
Puzzle
Country
The Office
Song
WWE
Your Account Isn't Verified!
In order to create a playlist on Sporcle, you need to verify the email address you used during registration. Go to your
Sporcle Settings
to finish the process.
Report this User
Report this user for behavior that violates our
Community Guidelines
.
Details:
Send Report
Go to the Sporcle.com Mobile Site →
Comments